| 000 | 00809cam a22002533a 4500 | ||
|---|---|---|---|
| 001 | 33214 | ||
| 003 | PGUSA | ||
| 005 | 20140828083722.0 | ||
| 008 | 100721s2010||||xxu|||||s|||||000 | eng d | ||
| 040 |
_aPGUSA _beng |
||
| 042 | _adc | ||
| 050 | 4 | _aBV | |
| 100 | 1 |
_aLivingstone, W. P. _q(William Pringle) |
|
| 245 | 1 | 4 |
_aThe White Queen of Okoyong : _bA True Story of Adventure, Heroism and Faith _h[electronic resource] / _cW. P. Livingstone |
| 260 |
_bProject Gutenberg, _c2010 |
||
| 506 | _aPublic domain in the USA. | ||
| 516 | _aElectronic text | ||
| 653 | _aSlessor, Mary Mitchell, 1848-1915 | ||
| 653 | _aMissionaries -- Nigeria -- Biography | ||
| 653 | _aWomen missionaries -- Biography | ||
| 830 | 0 |
_aProject Gutenberg _v33214 |
|
| 856 | 4 | 0 | _uhttp://www.gutenberg.org/ebooks/33214 |
| 942 | _cEB | ||
| 999 |
_c262469 _d262469 |
||